Turbo C. Memory Resident Utilities, Screen I/O and Progra / t. III : Chương trình tiện ích thường trú ký ức kỹ thuật lập trình dạng cửa sổ =
में बचाया:
| मुख्य लेखक: | |
|---|---|
| अन्य लेखक: | |
| स्वरूप: | Sách giấy |
| भाषा: | Vietnamese |
| प्रकाशित: |
TP.HCM :
Samic ,
1994
|
| टैग : |
टैग जोड़ें
कोई टैग नहीं, इस रिकॉर्ड को टैग करने वाले पहले व्यक्ति बनें!
|
| Thư viện lưu trữ: | Thư viện Trường Đại học Đà Lạt |
|---|
| LEADER | 00737nam a2200253 4500 | ||
|---|---|---|---|
| 001 | DLU020018069 | ||
| 005 | ##5/17/2001 | ||
| 020 | # | # | |a 978- |
| 041 | # | # | |a vie |
| 082 | # | # | |a 005.369 |b ST-A |
| 100 | # | # | |a Stevens, Al. |
| 245 | # | # | |a Turbo C. |n t. III : Chương trình tiện ích thường trú ký ức kỹ thuật lập trình dạng cửa sổ = |b Memory Resident Utilities, Screen I/O and Progra / |c Al. Stevens; Võ Văn Thành dịch |
| 260 | # | # | |a TP.HCM : |b Samic , |c 1994 |
| 300 | # | # | |a 222 tr.; |c 28 cm. |
| 700 | # | # | |a Võ Văn Thành |e dịch |
| 992 | # | # | |a 18000 |
| 994 | # | # | |a DLU |
| 900 | # | # | |a False |
| 911 | # | # | |a Administrator |
| 925 | # | # | |a G |
| 926 | # | # | |a A |
| 927 | # | # | |a SH |
| 980 | # | # | |a Thư viện Trường Đại học Đà Lạt |